Rozpoznaj państwo po zespole muzycznym - Statystyki

Ogólne statystyki
  • Ten quiz został rozwiązany 39 razy
  • Średni wynik to 15 z 20
Statystyki odpowiedzi
Wskazówka Odpowiedź % Poprawnych
Metallica Stany Zjednoczone
100%
Queen Wielka Brytania
100%
Rammstein Niemcy
97%
ABBA Szwecja
94%
Måneskin Włochy
94%
Behemoth Polska
91%
Daft Punk Francja
88%
AC/DC Australia
84%
Arcade Fire Kanada
84%
t.A.T.u. Rosja
81%
U2 Irlandia
78%
Nightwish Finlandia
75%
BABYMETAL Japonia
75%
A-ha Norwegia
75%
BTS Korea Południowa
72%
Within Temptation Holandia
69%
Sepultura Brazylia
56%
Maná Meksyk
56%
Sigur Rós Islandia
47%
The Wailers Jamajka
31%
Nie znaleziono quizów pasujących do podanych kryteriów
Rozkład punktacji
Procent ludzi z każdym wynikiem
Percentyl według liczby udzielonych odpowiedzi
Twoja historia wyników
Nie rozwiązałeś tego quizu